| 000 | 00454nam a2200181Ia 4500 | ||
|---|---|---|---|
| 001 | 11704 | ||
| 005 | 20260306162847.0 | ||
| 008 | 260306t2020||||xx |||||||||||||| ||spa|| | ||
| 041 | _aESP | ||
| 082 |
_aHR 004 _bMAR 2020 COMMUNICATIONS |
||
| 110 | _aAssociation for Computing Machinery | ||
| 245 | 0 | _aCommunications of the ACM | |
| 260 | _c2020 | ||
| 300 |
_a104 páginas : _c28 cm. |
||
| 650 | _aGEN | ||
| 654 | _aCCC | ||
| 942 |
_cREV _dJUS _fJUS _2ddc _n |
||
| 999 |
_c11704 _d11704 |
||